Las rutas del Cid : (Registro nro. 236146)
[ vista simple ]
| 000 -LEADER | |
|---|---|
| fixed length control field | 01389nam a2200385Ii 4500 |
| 001 - CONTROL NUMBER | |
| control field | DIGPOLIF0050 |
| 003 - CONTROL NUMBER IDENTIFIER | |
| control field | NyNyDIG |
| 006 - FIXED-LENGTH DATA ELEMENTS--ADDITIONAL MATERIAL CHARACTERISTICS | |
| fixed length control field | m o d |
| 007 - PHYSICAL DESCRIPTION FIXED FIELD--GENERAL INFORMATION | |
| fixed length control field | cr ||||||||||| |
| 008 - FIXED-LENGTH DATA ELEMENTS--GENERAL INFORMATION | |
| fixed length control field | 131001s2000 sp ab ob 001 0 spa d |
| 020 ## - INTERNATIONAL STANDARD BOOK NUMBER | |
| Canceled/invalid ISBN | 9788486547530 |
| 020 ## - INTERNATIONAL STANDARD BOOK NUMBER | |
| Canceled/invalid ISBN | 8486547539 |
| 035 ## - SYSTEM CONTROL NUMBER | |
| System control number | (OCoLC)974373271 |
| 040 ## - CATALOGING SOURCE | |
| Original cataloging agency | DGITA |
| Language of cataloging | eng |
| Description conventions | pn |
| Transcribing agency | DGITA |
| 043 ## - GEOGRAPHIC AREA CODE | |
| Geographic area code | e-sp--- |
| 050 14 - LIBRARY OF CONGRESS CALL NUMBER | |
| Classification number | DP43.2 eBook |
| 100 1# - MAIN ENTRY--PERSONAL NAME | |
| Personal name | García Pérez, Guillermo, |
| Dates associated with a name | 1942- |
| 245 14 - TITLE STATEMENT | |
| Title | Las rutas del Cid : |
| Remainder of title | guía práctica y cultural para recorrer (andando, en coche, a caballo o en bicicleta) los caminos del Cantar de Myo Çid / |
| Statement of responsibility, etc. | Guillermo García Pérez. |
| 264 #1 - PRODUCTION, PUBLICATION, DISTRIBUTION, MANUFACTURE, AND COPYRIGHT NOTICE | |
| Place of production, publication, distribution, manufacture | Madrid |
| Name of producer, publisher, distributor, manufacturer | Ediciones Polifemo, |
| Date of production, publication, distribution, manufacture, or copyright notice | 2000. |
| 300 ## - PHYSICAL DESCRIPTION | |
| Extent | 1 online resource (474 pages) : |
| Other physical details | ill., maps |
| 336 ## - CONTENT TYPE | |
| Content type term | text |
| Content type code | txt |
| Source | rdacontent |
| 337 ## - MEDIA TYPE | |
| Media type term | computer |
| Media type code | c |
| Source | rdamedia |
| 338 ## - CARRIER TYPE | |
| Carrier type term | online resource |
| Carrier type code | cr |
| Source | rdacarrier |
| 504 ## - BIBLIOGRAPHY, ETC. NOTE | |
| Bibliography, etc. note | Includes bibliographical references and index. |
| 651 #0 - SUBJECT ADDED ENTRY--GEOGRAPHIC NAME | |
| Geographic name | Spain |
| Form subdivision | Tours. |
| 630 00 - SUBJECT ADDED ENTRY--UNIFORM TITLE | |
| Uniform title | Cantar de mío Cid. |
| 600 00 - SUBJECT ADDED ENTRY--PERSONAL NAME | |
| Personal name | Cid, |
| Dates associated with a name | approximately 1043-1099 |
| General subdivision | Travel |
| Geographic subdivision | Spain. |
| 630 00 - SUBJECT ADDED ENTRY--UNIFORM TITLE | |
| Uniform title | Cid (Epic cycle). |
| 655 #0 - INDEX TERM--GENRE/FORM | |
| Genre/form data or focus term | Electronic books. |
| 791 2# - | |
| -- | Digitalia (Firm), |
| -- | distributor. |
| 793 0# - | |
| -- | Digitalia eBook Collection: |
| -- | Ediciones Polifemo. |
| 856 40 - ELECTRONIC LOCATION AND ACCESS | |
| Materials specified | Digitalia Hispánica |
| Uniform Resource Identifier | <a href="https://www.digitaliapublishing.com/a/18914/">https://www.digitaliapublishing.com/a/18914/</a> |
| 910 ## - USER-OPTION DATA (OCLC) | |
| User-option data | Premium Collection: 2007-2012 |
| 942 ## - ADDED ENTRY ELEMENTS (KOHA) | |
| Koha item type | Recurso Electrónico |
| Withdrawn status | Lost status | Damaged status | Not for loan | Collection | Home library | Current library | Date acquired | Total checkouts | Date last seen | Price effective from | Koha item type |
|---|---|---|---|---|---|---|---|---|---|---|---|
| Digitalia Ebooks Hispanica | Biblioteca Digital UIN | Biblioteca Digital UIN | 04/25/2025 | 04/25/2025 | 04/25/2025 | Recurso Electrónico |